000 00678nam a22002057a 4500
005 20240314125053.0
010 _aEN-139705
020 _c350..00
_a9788178190808
035 _aEN-123237
037 _bDBAD/PUB
082 _a294.375
245 _aSister Nivedita;
_bStudies in Buddhism/
_cPrasenjit Dasgupta, Soumen Paul and Sankari Prasad Basu
260 _aKolkata
_bNew Age Publishers Private Limited
_c2011
270 _e700009
300 _a179p.;
_c21cm(pbk)
700 _aDasgupta, Prasenjit
_eCompiler
_963345
700 _aPaul, Soumen
_eCompiler
_963346
700 _aBasu, Sankari Prasad
_eForeworded by
_963347
942 _2ddc
_cEN
_h294.375
_mSIS
999 _c201493
_d201493